| 000 | 01263nam a2200325 a 4500 | ||
|---|---|---|---|
| 005 | 20240507121510.0 | ||
| 008 | 141203t1993||||ag a f |||| 001 0 spa d | ||
| 020 | _a9509124133 | ||
| 041 | _aspa | ||
| 092 |
_c618.3 _l48 _sLIQ |
||
| 245 |
_aLíquido amniótico / _cNelson J. Argeri |
||
| 250 | _a1a ed. | ||
| 260 |
_aBuenos Aires: _bAscune; _c1993. |
||
| 300 |
_a320 p. _bIl. |
||
| 500 | _aArgeri, N. J. et al. (1993). Líquido amniótico. (1a ed.). Buenos Aires : Ascune. | ||
| 653 | _aIntroducción al estudio del líquido amniótico | ||
| 653 | _aEmbriogénesis y morfología del amnios | ||
| 653 | _aFisiología del líquido amniótico | ||
| 653 | _aAmniocentesis | ||
| 653 | _aAnálisis del líquido amniótico en el diagnóstico de la madurez fetal | ||
| 653 | _aEvaluación de la madurez pulmonar fetal a través del examen de los fosfolípidos del líquido amniótico | ||
| 653 | _aEnfermedad hemolítica perinatal | ||
| 653 | _aLaboratorio en el análisis amniótico | ||
| 653 | _aDiagnóstico prenatal de la anomalías genéticas del feto | ||
| 700 | 1 |
_aArgeri, Nelson Jorge _93781 |
|
| 700 | 1 |
_aUranga Imaz, Francisco _93782 |
|
| 700 | 1 |
_aMargulies, Miguel _93783 |
|
| 700 | 1 |
_aDarbón Grosso, Héctor A. _93784 |
|
| 942 |
_2ddc _cBK |
||
| 999 |
_c2201 _d2201 |
||